PSA Pillai's criminal law / (Record no. 4776)

MARC details
000 -LEADER
fixed length control field 00723 a2200217 4500
010 ## - LCCN (DPL NO)
LC control number ENG-86546
020 ## - INTERNATIONAL STANDARD BOOK NUMBER
International Standard Book Number 8180381188
Terms of availability 375.00
035 ## - SYSTEM CONTROL NUMBER
System control number EN-70079
037 ## - SOURCE OF ACQUISITION
Source of stock number/acquisition DBAD / PUB
082 14 - DEWEY DECIMAL CLASSIFICATION NUMBER
Classification number 345.54
245 1# - TITLE STATEMENT
Title PSA Pillai's criminal law /
Statement of responsibility, etc edited by V. suresh [and] D. Nagasaila
250 ## - EDITION STATEMENT
Edition statement rev. ed
260 ## - PUBLICATION, DISTRIBUTION, ETC. (IMPRINT)
Place of publication, distribution, etc New Delhi
Name of publisher, distributor, etc Lexis Nexis
Date of publication, distribution, etc 2006
270 ## - ADDRESS
Address 14th Floor, Vijaya Building, 17 Barakhamba Road,
City New Delhi
Postal code 110 001
Telephone number 011-23739614-16
Fax number 011-23326456
Electronic mail address customer.care@lexisnexis.co.in
300 ## - PHYSICAL DESCRIPTION
Extent lx, 990 p
Dimensions 23cm (Pbk)
490 ## - SERIES STATEMENT
Series statement Lexis Nexis Student Series
500 ## - GENERAL NOTE
General note includes index
700 1# - ADDED ENTRY--PERSONAL NAME
Personal name Suresh, V.
700 1# - ADDED ENTRY--PERSONAL NAME
Personal name Nagasaila, D.
942 ## - ADDED ENTRY ELEMENTS (KOHA)
Institution code [OBSOLETE] dpl
Item type English Books
Source of classification or shelving scheme Dewey Decimal Classification
Classification part 345.54
Call number suffix PSA
Holdings
Withdrawn status Lost status Not for loan Collection code Home library Current library Source of acquisition Cost, normal purchase price Full call number Barcode Copy number Cost, replacement price Koha item type
    Not For Loan Non-fiction D.B.Act.Division D.B.Act.Division DBAD/PUB 375.00 345.54 PSA EN-70079 1 375.00 English Books

© Delhi Public Library
Hit Counter
free hit counter